| 000 | 00720nmc a2200277 a 4500 | ||
|---|---|---|---|
| 003 | AR-BaBNM | ||
| 005 | 20251128211633.0 | ||
| 008 | 225020s2004 ||||||||||||||000 | spa|| | ||
| 020 | _a987-96543-1-5 | ||
| 040 | _cAR-BaBNM | ||
| 100 | 1 | _aUres, Rodrigo | |
| 245 | 1 | 0 | _aLa sardina lechón |
| 260 |
_aBuenos Aires _bLite Tere Ediciones _c2004 |
||
| 300 | 0 |
_a17 p. _bil. |
|
| 490 | 0 | _aLos cuentos de la Polga Ulga | |
| 650 | 4 | _aLIBROS PARA NINOS | |
| 650 | 4 | _aCUENTOS | |
| 650 | 4 | _aLITERATURA ARGENTINA | |
| 650 | 4 | _aLITERATURA CONTEMPORANEA | |
| 653 | _aLITERATURA JUVENIL | ||
| 655 | _aLITERATURA | ||
| 700 | 1 |
_aCastro, Sebastián _eilustrador |
|
| 800 | 0 | _aPolga Ulga | |
| 942 | _cBK | ||
| 998 | _cmartin | ||
| 999 |
_c20537 _d20537 |
||